[Event "Ghent C&D op"]
[Site "Ghent"]
[Date "2003.04.19"]
[Round "2"]
[White "De Vlieger, Y."]
[Black "Roels, Frederik"]
[Result "1-0"]
[WhiteElo "1703"]
[BlackElo "1862"]
[PlyCount "56"]
[EventDate "2003.04.19"]
[EventType "swiss"]
[EventRounds "7"]
[EventCountry "BEL"]
[SourceTitle "EXT 2005"]
[Source "ChessBase"]
[SourceDate "2004.11.15"]
[SourceVersion "1"]
[SourceVersionDate "2004.11.15"]
[SourceQuality "1"]

1. e4 c5 2. Nf3 d6 3. c3 Nc6 4. d4 Bg4 5. Bb5 Qa5 6. Bxc6+ bxc6 7. Nbd2 cxd4 8. Nb3 Qa6 9. cxd4 Nf6 10. h3 Be6 11. Nbd2 g6 12. Qe2 Bc8 13. e5 Qxe2+ 14. Kxe2 Ba6+ 15. Kd1 Nd5 16. Ne4 dxe5 17. dxe5 Rd8 18. Kc2 Nb4+ 19. Kb3 Rb8 20. Kc3 Nd5+ 21. Kc2 e6 22. Bd2 Be7 23. a3 0-0 24. Bh6 Rfd8 25. Rad1 Rb7 26. Rd2 Rdb8 27. b4 Bb5 28. Bg5 Ba4+ 1-0